00434nam a2200157 a 450000100060000000300090000600800410001502000150005604000280007108200170009910000170011624500530013326000370018630000090022365000440023214070CO-ViMGA141112s2004 ck r 000 u spa d a970101958X aCO-ViMGAbspacCO-ViMGA04a613.11 K655m1 aKolluru, Rao10aManual de evaluacion y administracion de Riesgos aMexico : bMcgraw - Hill, c1998 ap.v.14aADMINISTRACION DE RIESGOS PROFESIONALES